[Event "Western Asia-ch U20 Girls"]
[Site "Colombo"]
[Date "2023.12.04"]
[Round "8"]
[White "Sasvatha, A."]
[Black "Gamage, Desandhi Dhihansa"]
[Result "1-0"]
[WhiteElo "1568"]
[BlackElo "1604"]
[PlyCount "133"]
[EventDate "2023.11.30"]
[EventType "swiss"]
[EventRounds "9"]
[EventCountry "SRI"]
[SourceTitle "CB50_2023"]
[SourceDate "2023.12.13"]
[SourceVersion "1"]
[SourceVersionDate "2023.12.13"]
[SourceQuality "1"]

1. d4 Nf6 2. Nf3 e6 3. Bf4 d5 4. e3 Bd6 5. Bxd6 Qxd6 6. c3 Nbd7 7. Nbd2 0-0 8. Bd3 e5 9. dxe5 Nxe5 10. Nxe5 Qxe5 11. Nf3 Qd6 12. Be2 Ne4 13. 0-0 Be6 14. Qc2 Qe7 15. c4 Bf5 16. Bd3 dxc4 17. Qxc4 Rad8 18. Rfd1 Rfe8 19. Bxe4 Bxe4 20. Ne1 Bc6 21. Qb3 Rxd1 22. Rxd1 Rd8 23. Rxd8+ Qxd8 24. Qd3 Qd5 25. Qxd5 Bxd5 26. b3 a5 27. Nd3 Kf8 28. f3 Ke7 29. e4 Bc6 30. Kf2 Kd6 31. Ke3 Bb5 32. Nb2 Kc5 33. a3 Bd7 34. Kd3 b5 35. Ke3 Kb6 36. b4 axb4 37. axb4 c5 38. bxc5+ Kxc5 39. Nd3+ Kb6 40. Kd4 Ka5 41. Kc5 Be6 42. Nb4 Bc4 43. g3 Be2 44. f4 Bf3 45. e5 Bg4 46. Nc2 Ka4 47. Nb4 g6 48. Nd5 h5 49. Nc3+ Kb3 50. Nxb5 Kc2 51. Kd6 h4 52. Ke7 hxg3 53. hxg3 Be6 54. Nd4+ Kd3 55. Nxe6 fxe6 56. Kxe6 g5 57. fxg5 Ke4 58. g6 Kd4 59. g7 Kc4 60. g8Q Kc5 61. Qd8 Kc6 62. Qd5+ Kc7 63. Qd6+ Kc8 64. Qd7+ Kb8 65. Kd6 Ka8 66. Kc6 Kb8 67. Qb7# 1-0

[Event "Western Asia-ch U20 Girls"]
[Site "Colombo"]
[Date "2023.12.03"]
[Round "6"]
[White "Rathnayake, RM Dulinma Hemalni"]
[Black "Gamage, Desandhi Dhihansa"]
[Result "0-1"]
[WhiteElo "1532"]
[BlackElo "1604"]
[PlyCount "68"]
[EventDate "2023.11.30"]
[EventType "swiss"]
[EventRounds "9"]
[EventCountry "SRI"]
[SourceTitle "CB50_2023"]
[SourceDate "2023.12.13"]
[SourceVersion "1"]
[SourceVersionDate "2023.12.13"]
[SourceQuality "1"]

1. e4 c5 2. Nf3 d6 3. d4 cxd4 4. Nxd4 Nf6 5. Nc3 a6 6. Be3 e5 7. Nb3 Be6 8. f3 h5 9. Qd2 Nbd7 10. Nd5 Bxd5 11. exd5 g6 12. 0-0-0 Bg7 13. Kb1 Rc8 14. Be2 b5 15. Na5 Nb6 16. Nc6 Qc7 17. Nb4 Qb7 18. h3 Nc4 19. Bxc4 bxc4 20. Nc6 0-0 21. Qb4 Qd7 22. Qxc4 Nxd5 23. Qxd5 Rxc6 24. g4 h4 25. Rh2 Rb8 26. Rd3 Rb5 27. Qe4 d5 28. Qa4 Qc7 29. Rb3 d4 30. Bg1 Rbc5 31. Rb4 e4 32. Qb3 Qg3 33. Rb8+ Kh7 34. Rh1 Qe1# 0-1

[Event "World Amateur-ch U2000"]
[Site "Muscat"]
[Date "2023.11.07"]
[Round "6.4"]
[White "Gamage, Desandhi Dhihansa"]
[Black "Emil, Sebastian"]
[Result "1/2-1/2"]
[WhiteElo "1608"]
[BlackElo "1731"]
[PlyCount "116"]
[EventDate "2023.11.02"]
[EventType "swiss"]
[EventRounds "9"]
[EventCountry "OMN"]
[SourceTitle "CB46_2023"]
[SourceDate "2023.11.15"]
[SourceVersion "1"]
[SourceVersionDate "2023.11.15"]
[SourceQuality "1"]

1. e4 c6 2. d4 d5 3. e5 c5 4. dxc5 Nc6 5. f4 e6 6. Be3 d4 7. Bf2 Bxc5 8. Nd2 Nh6 9. a3 a5 10. Bd3 0-0 11. Qh5 Qe8 12. Ne4 Be7 13. Nf6+ Bxf6 14. exf6 Qd8 15. Bh4 Qd5 16. Bg5 Nf5 17. fxg7 Re8 18. Nf3 e5 19. fxe5 Nxe5 20. 0-0 Nxd3 21. cxd3 Ne3 22. Rf2 Bg4 23. Qh4 h5 24. Qg3 Re6 25. Qf4 Rg6 26. Ne5 Rxg7 27. Bh6 Rh7 28. Qg5+ Kh8 29. Qf6+ Kg8 30. Ng6 Re8 31. Bg5 Nf5 32. Nf4 Qe5 33. h3 Ng3 34. Kh2 Qxf6 35. Bxf6 Ne2 36. Nxe2 Rxe2 37. Raf1 Rxf2 38. Rxf2 Bd1 39. Bxd4 Rh6 40. Rf6 Rxf6 41. Bxf6 Kh7 42. Bc3 a4 43. Kg3 Bc2 44. d4 Be4 45. Kf2 Kg6 46. g3 Kf5 47. Bd2 Bd5 48. Ke3 Bg2 49. h4 Bd5 50. Kd3 b5 51. Kc3 Ke4 52. Bf4 f5 53. Be5 Bc4 54. Kb4 Kd5 55. Ka5 Kc6 56. Ka6 Bb3 57. Ka7 Bc4 58. Kb8 Be6 1/2-1/2

[Event "World Amateur-ch U2000"]
[Site "Muscat"]
[Date "2023.11.04"]
[Round "3.8"]
[White "Ahmed, Ibrahim Moh"]
[Black "Gamage, Desandhi Dhihansa"]
[Result "0-1"]
[WhiteElo "1846"]
[BlackElo "1608"]
[PlyCount "79"]
[EventDate "2023.11.02"]
[EventType "swiss"]
[EventRounds "9"]
[EventCountry "OMN"]
[SourceTitle "CB46_2023"]
[SourceDate "2023.11.15"]
[SourceVersion "1"]
[SourceVersionDate "2023.11.15"]
[SourceQuality "1"]

1. Nf3 Nf6 2. c4 e6 3. Nc3 d5 4. d4 Be7 5. Bf4 c6 6. e3 0-0 7. Be2 Nbd7 8. Rc1 a6 9. 0-0 Ne4 10. Bd3 f5 11. h3 g5 12. Bh2 Qe8 13. Ne5 Nxe5 14. Bxe5 Qg6 15. Ne2 Bd7 16. c5 Bf6 17. Bh2 Rae8 18. f3 g4 19. Nf4 Qg5 20. fxe4 fxe4 21. Nxd5 exd5 22. Bf4 Qg7 23. Be2 gxh3 24. Rf2 Bh4 25. g4 Bxf2+ 26. Kxf2 Rxf4+ 27. exf4 e3+ 28. Kg3 Re4 29. Qb3 Qh6 30. g5 Qf8 31. Rf1 h2 32. Kxh2 Rxf4 33. Qxb7 Rxf1 34. Bxf1 Qf4+ 35. Kg1 Qf2+ 36. Kh1 Qxf1+ 37. Kh2 Qf2+ 38. Kh1 e2 39. Qb8+ Kf7 40. g6+ 0-1

[Event "Asia-ch Amateur (Women)"]
[Site "Dubai"]
[Date "2023.09.02"]
[Round "8"]
[White "Rouda Essa, Alserkal"]
[Black "Gamage, Desandhi Dhihansa"]
[Result "1-0"]
[WhiteElo "1775"]
[BlackElo "1495"]
[PlyCount "69"]
[EventDate "2023.08.28"]
[EventType "swiss"]
[EventRounds "9"]
[EventCountry "UAE"]
[SourceTitle "EXT 2024"]
[Source "ChessBase"]
[SourceDate "2023.10.10"]
[SourceVersion "1"]
[SourceVersionDate "2023.10.10"]
[SourceQuality "1"]

1. e4 c5 2. Nf3 d6 3. d4 cxd4 4. Nxd4 Nf6 5. Nc3 a6 6. Bg5 e6 7. f4 h6 8. Bh4 Be7 9. Qf3 Nbd7 10. 0-0-0 Qc7 11. Bd3 b5 12. e5 Bb7 13. Qh3 dxe5 14. Nxe6 fxe6 15. Bg6+ Kd8 16. Qxe6 e4 17. Nxe4 Qc6 18. Nd6 Rf8 19. Rhe1 Bxd6 20. Rxd6 Qc8 21. Red1 Kc7 22. Bxf6 Rxf6 23. Rxd7+ Kb8 24. Qe5+ Ka7 25. Qe3+ Kb8 26. Rd8 Kc7 27. Rxc8+ Rxc8 28. Qe5+ Kc6 29. Be4+ Kb6 30. Rd6+ Rxd6 31. Qxd6+ Ka7 32. Qd7 Rb8 33. Qd4+ Ka8 34. Qb6 a5 35. Qa6# 1-0

[Event "Asia-ch Amateur (Women)"]
[Site "Dubai"]
[Date "2023.09.01"]
[Round "7"]
[White "Gamage, Desandhi Dhihansa"]
[Black "Mansurova, Mumtozbegim"]
[Result "1-0"]
[WhiteElo "1495"]
[BlackElo "1599"]
[PlyCount "69"]
[EventDate "2023.08.28"]
[EventType "swiss"]
[EventRounds "9"]
[EventCountry "UAE"]
[SourceTitle "EXT 2024"]
[Source "ChessBase"]
[SourceDate "2023.10.10"]
[SourceVersion "1"]
[SourceVersionDate "2023.10.10"]
[SourceQuality "1"]

1. e4 c5 2. Nc3 e6 3. Nf3 a6 4. g3 d6 5. Bg2 g6 6. d4 Nc6 7. Be3 cxd4 8. Nxd4 Bg7 9. Qd2 Nge7 10. Rd1 Na5 11. b3 b5 12. 0-0 0-0 13. f4 Rb8 14. a4 bxa4 15. Nxa4 Bd7 16. Nb2 Bc8 17. Ra1 Nac6 18. Rfd1 Bb7 19. Ra4 d5 20. Nd3 Nxd4 21. Bxd4 dxe4 22. Nc5 Qc8 23. Nxb7 Qxb7 24. Bxe4 Qc8 25. Bxg7 Kxg7 26. Qd4+ Kg8 27. Qd6 Nf5 28. Qc6 Qxc6 29. Bxc6 Ne3 30. Rd2 Rfd8 31. Rxd8+ Rxd8 32. Be4 Rd1+ 33. Kf2 Nxc2 34. Ke2 Re1+ 35. Kd2 1-0

[Event "World ol U16"]
[Site "Nakhchivan"]
[Date "2022.10.03"]
[Round "2.11"]
[White "Gamage, Desandhi Dhihansa"]
[Black "Fawaz, Nadia"]
[Result "1-0"]
[WhiteElo "1624"]
[BlackElo "1500"]
[PlyCount "75"]
[EventDate "2022.10.02"]
[EventType "team-swiss"]
[EventRounds "9"]
[EventCountry "AZE"]
[SourceTitle "CBM 210 Extra"]
[Source "ChessBase"]
[SourceDate "2022.11.30"]
[SourceVersion "1"]
[SourceVersionDate "2022.11.30"]
[SourceQuality "1"]
[WhiteTeam "Sri Lanka"]
[BlackTeam "Lebanon"]
[WhiteTeamCountry "SRI"]
[BlackTeamCountry "LBN"]

1. e4 c5 2. Nf3 e6 3. d4 cxd4 4. Nxd4 Nf6 5. Bd3 Nc6 6. Be3 d5 7. Nd2 e5 8. N4f3 h6 9. exd5 Nxd5 10. Qe2 Be7 11. Nc4 Bg4 12. h3 Bb4+ 13. Ncd2 Be6 14. Bb5 Qc7 15. c3 Ba5 16. 0-0 0-0 17. Bxc6 bxc6 18. Bc5 Rfd8 19. Nxe5 Nf4 20. Qe3 Nd5 21. Qg3 Nxc3 22. bxc3 Rxd2 23. Bd4 c5 24. Be3 Bxc3 25. Bxd2 Bxe5 26. Qf3 Rd8 27. Bc3 Bf4 28. Rfd1 Re8 29. a4 Bc8 30. Re1 Rf8 31. Rad1 Bb7 32. Qg4 g6 33. Rd7 Qc6 34. Rxb7 Bh2+ 35. Kxh2 Qxb7 36. Qf4 Qb8 37. Be5 Qb7 38. Qf6 1-0

[Event "Wch U16 Girls"]
[Site "Mamaia"]
[Date "2022.09.15"]
[Round "10"]
[White "Gamage, Desandhi Dhihansa"]
[Black "Orian, Noga"]
[Result "0-1"]
[WhiteElo "1624"]
[BlackElo "1887"]
[PlyCount "100"]
[EventDate "2022.09.06"]
[EventType "swiss"]
[EventRounds "11"]
[EventCountry "ROU"]
[SourceTitle "CBM 210 Extra"]
[Source "ChessBase"]
[SourceDate "2022.11.30"]
[SourceVersion "1"]
[SourceVersionDate "2022.11.30"]
[SourceQuality "1"]

1. e4 c5 2. Nf3 d6 3. d4 cxd4 4. Nxd4 Nf6 5. Nc3 a6 6. Bg5 e6 7. f4 h6 8. Bh4 Qb6 9. a3 Be7 10. Bf2 Qc7 11. Qf3 Nbd7 12. 0-0-0 b5 13. g4 Bb7 14. h4 h5 15. g5 Ng4 16. g6 Ndf6 17. gxf7+ Kxf7 18. f5 e5 19. Ne6 Qa5 20. Be1 Qb6 21. Rh3 Rhc8 22. Qd3 Bc6 23. Qd2 Nxe4 24. Nxe4 Bxe4 25. Bd3 Bxd3 26. Qxd3 Qc6 27. Ng5+ Kg8 28. Ne4 Kf8 29. Bb4 d5 30. Bxe7+ Kxe7 31. Nc3 d4 32. Ne4 Qc4 33. Qd2 Rc6 34. b3 Qf7 35. Qb4+ Kd7 36. Nc5+ Ke8 37. Ne4 Rd8 38. Ng5 Qxf5 39. Rd2 Rdc8 40. Rf3 Rxc2+ 41. Kd1 Rxd2+ 42. Qxd2 Qb1+ 43. Ke2 Rc2 44. Rd3 Rxd2+ 45. Rxd2 Qxb3 46. Rd3 Qd5 47. Ke1 Ne3 48. Ke2 Qg2+ 49. Ke1 Qf1+ 50. Kd2 Qd1# 0-1

[Event "Wch U16 Girls"]
[Site "Mamaia"]
[Date "2022.09.14"]
[Round "9"]
[White "Gadasi, Noam"]
[Black "Gamage, Desandhi Dhihansa"]
[Result "0-1"]
[WhiteElo "1984"]
[BlackElo "1624"]
[PlyCount "147"]
[EventDate "2022.09.06"]
[EventType "swiss"]
[EventRounds "11"]
[EventCountry "ROU"]
[SourceTitle "CBM 210 Extra"]
[Source "ChessBase"]
[SourceDate "2022.11.30"]
[SourceVersion "1"]
[SourceVersionDate "2022.11.30"]
[SourceQuality "1"]

1. d4 Nf6 2. c4 e6 3. Nf3 d5 4. g3 g6 5. Bg2 Bg7 6. 0-0 0-0 7. Qc2 Nbd7 8. Nbd2 c6 9. b3 b6 10. Rd1 Bb7 11. e4 dxe4 12. Nxe4 Qe7 13. Bf4 Nxe4 14. Qxe4 f5 15. Qe2 c5 16. Rac1 cxd4 17. Nxd4 Bxg2 18. Kxg2 e5 19. Nf3 Rfe8 20. Bg5 Qf7 21. Qd2 Nc5 22. Be3 Ne6 23. Ng5 Nxg5 24. Bxg5 f4 25. gxf4 h6 26. Bh4 exf4 27. f3 g5 28. Bf2 Rad8 29. Qc2 g4 30. fxg4 Qb7+ 31. Kg1 Qf3 32. Rxd8 Qxg4+ 33. Kh1 Rxd8 34. Re1 Qf3+ 35. Kg1 Qg4+ 36. Kh1 h5 37. Qe4 Kh8 38. Rg1 Qd7 39. Qf3 Qf5 40. Qg2 Be5 41. Qc6 Bf6 42. Qg2 f3 43. Qg6 Qxg6 44. Rxg6 Rd1+ 45. Rg1 Rd2 46. Bg3 h4 47. Be1 Rxa2 48. Rf1 Bd4 49. Bxh4 f2 50. Kg2 Rb2 51. Rxf2 Rxb3 52. Rd2 Bc5 53. Rd8+ Kh7 54. Rd7+ Kg6 55. Rxa7 Rb4 56. Rb7 Rxc4 57. Bd8 Rc2+ 58. Kh3 Rb2 59. Bc7 b5 60. Kg4 b4 61. h4 Rg2+ 62. Kh3 Rc2 63. Be5 Re2 64. Bh8 Re3+ 65. Kg4 Re4+ 66. Kh3 Bf2 67. Rg7+ Kh6 68. Rg4 Re8 69. Bb2 Be1 70. Bc1+ Kh7 71. Rc4 Re2 72. h5 Re7 73. Rc6 Rb7 74. Bb2 0-1

[Event "Olympiad Women-44"]
[Site "Chennai"]
[Date "2022.08.09"]
[Round "11.3"]
[White "Gamage, Desandhi Dhihansa"]
[Black "Ayzenberg, Alena"]
[Result "1/2-1/2"]
[WhiteElo "1561"]
[BlackElo "2023"]
[PlyCount "192"]
[EventDate "2022.07.29"]
[EventType "team-swiss"]
[EventRounds "11"]
[EventCountry "IND"]
[SourceTitle "CBM 210"]
[Source "ChessBase"]
[SourceDate "2022.10.31"]
[SourceVersion "1"]
[SourceVersionDate "2022.10.31"]
[SourceQuality "1"]
[WhiteTeam "Sri Lanka (W)"]
[BlackTeam "Norway (W)"]
[WhiteTeamCountry "SRI"]
[BlackTeamCountry "NOR"]

1. e4 e6 2. d4 d5 3. Nd2 c5 4. exd5 Qxd5 5. dxc5 Bxc5 6. Ngf3 Nf6 7. Bc4 Qd6 8. 0-0 Qc7 9. c3 0-0 10. Qc2 Nbd7 11. b4 Bd6 12. a4 b6 13. Bd3 Bb7 14. Bb2 Rac8 15. Rac1 Qb8 16. Qb1 Bf4 17. Rcd1 Qa8 18. Be2 Ne5 19. c4 Bxf3 20. Nxf3 Nxf3+ 21. Bxf3 Qb8 22. g3 Be5 23. Bxe5 Qxe5 24. Qb3 Qc7 25. Rc1 Nd7 26. Rc2 a5 27. Rb1 Rb8 28. bxa5 bxa5 29. Qa2 Ne5 30. Be2 Nc6 31. Rd2 Nb4 32. Qa1 Rfd8 33. Rbd1 Rxd2 34. Rxd2 Na6 35. Qd1 Nc5 36. Ra2 g6 37. Qc2 Rb4 38. Qc3 Rb1+ 39. Kg2 Rb3 40. Qf6 Ne4 41. Qd4 Nc5 42. Rd2 Qc6+ 43. f3 Rb8 44. Qe5 Rc8 45. Bd1 Qb6 46. Qf6 Qc7 47. Qg5 Kg7 48. Qe3 Rb8 49. Qc3+ f6 50. Qe3 Rb4 51. Rd4 e5 52. Rd5 Rxc4 53. Qd2 Qc6 54. Rd6 Qc7 55. Rd5 h5 56. Be2 Rd4 57. Rxd4 exd4 58. Qxd4 Ne6 59. Qe3 Qe5 60. Qd2 Nd4 61. Kf2 h4 62. Qe3 hxg3+ 63. hxg3 Qc5 64. Kg2 g5 65. Bd3 Qe5 66. Qxe5 fxe5 67. Kf2 Kf6 68. Ke3 Nb3 69. f4 gxf4+ 70. gxf4 Nc5 71. fxe5+ Kxe5 72. Bb5 Kd5 73. Kd2 Kd4 74. Kc2 Ne4 75. Kb2 Kc5 76. Kb3 Nd6 77. Ka3 Nf5 78. Kb3 Kd4 79. Kb2 Nd6 80. Kb3 Ne4 81. Kb2 Nc3 82. Kb3 Nd5 83. Kb2 Kc5 84. Kb3 Nc7 85. Bf1 Ne6 86. Bb5 Nd4+ 87. Kc3 Nxb5+ 88. axb5 Kxb5 89. Kb3 a4+ 90. Ka3 Ka5 91. Ka2 Kb4 92. Kb2 a3+ 93. Ka2 Ka4 94. Ka1 Kb3 95. Kb1 a2+ 96. Ka1 Ka3 1/2-1/2

[Event "Olympiad Women-44"]
[Site "Chennai"]
[Date "2022.08.07"]
[Round "9.3"]
[White "Maklakova, Nellija"]
[Black "Gamage, Desandhi Dhihansa"]
[Result "1-0"]
[WhiteElo "1819"]
[BlackElo "1561"]
[PlyCount "167"]
[EventDate "2022.07.29"]
[EventType "team-swiss"]
[EventRounds "11"]
[EventCountry "IND"]
[SourceTitle "CBM 210"]
[Source "ChessBase"]
[SourceDate "2022.10.31"]
[SourceVersion "1"]
[SourceVersionDate "2022.10.31"]
[SourceQuality "1"]
[WhiteTeam "Latvia (W)"]
[BlackTeam "Sri Lanka (W)"]
[WhiteTeamCountry "LAT"]
[BlackTeamCountry "SRI"]

1. d4 Nf6 2. Nf3 e6 3. e3 g6 4. Be2 Bg7 5. c4 c5 6. 0-0 0-0 7. Nc3 d6 8. b3 Nc6 9. Bb2 b6 10. Qd2 Bb7 11. Rfd1 a6 12. d5 exd5 13. Nxd5 Ne4 14. Qc2 Nb4 15. Nxb4 cxb4 16. Bxg7 Kxg7 17. Rd4 Nc3 18. Ne1 Rc8 19. Bf1 Qf6 20. a3 Nb5 21. Rdd1 bxa3 22. Qd3 Nc3 23. Rdc1 Ne4 24. f3 Nc5 25. Qc3 d5 26. Rxa3 dxc4 27. Qxf6+ Kxf6 28. bxc4 Rfd8 29. Nc2 Ne6 30. Nb4 a5 31. Nd3 Nc5 32. Nxc5 Rxc5 33. Rb1 Rd6 34. Rab3 Ba6 35. Rxb6 Rdc6 36. Rxc6+ Rxc6 37. Ra1 Bxc4 38. Rxa5 Bxf1 39. Kxf1 Rc2 40. Rd5 Rc6 41. Kf2 Ke6 42. Rd2 h5 43. f4 f6 44. Kf3 Ra6 45. Rd8 f5 46. h3 Kf6 47. Re8 Kf7 48. Re5 Kf6 49. g4 hxg4+ 50. hxg4 fxg4+ 51. Kxg4 Ra1 52. Kf3 Ra6 53. Rd5 Ke6 54. e4 Ra3+ 55. Ke2 Ra6 56. Ke3 Ra3+ 57. Rd3 Ra6 58. Rb3 Rd6 59. Kf3 Rd1 60. Rb6+ Kf7 61. e5 Rf1+ 62. Ke3 Ra1 63. Rd6 Ra3+ 64. Ke4 Ra4+ 65. Rd4 Ra5 66. Rc4 Rb5 67. Rc7+ Kf8 68. e6 Ra5 69. Rd7 Ra4+ 70. Ke5 Ra5+ 71. Kf6 Rf5+ 72. Kxg6 Ra5 73. f5 Ra6 74. Kf6 Ke8 75. Rh7 Kd8 76. Rh8+ Kc7 77. Kf7 Ra7 78. e7 Kd6 79. f6 Ke5 80. Rh5+ Kd6 81. Kf8 Ke6 82. e8Q+ Kxf6 83. Qe5+ Kg6 84. Qf5# 1-0

[Event "Olympiad Women-44"]
[Site "Chennai"]
[Date "2022.08.02"]
[Round "5.3"]
[White "Miranda Vargas, Analia Karen"]
[Black "Gamage, Desandhi Dhihansa"]
[Result "1-0"]
[WhiteElo "1723"]
[BlackElo "1561"]
[PlyCount "83"]
[EventDate "2022.07.29"]
[EventType "team-swiss"]
[EventRounds "11"]
[EventCountry "IND"]
[SourceTitle "CBM 210"]
[Source "ChessBase"]
[SourceDate "2022.10.31"]
[SourceVersion "1"]
[SourceVersionDate "2022.10.31"]
[SourceQuality "1"]
[WhiteTeam "Ecuador (W)"]
[BlackTeam "Sri Lanka (W)"]
[WhiteTeamCountry "ECU"]
[BlackTeamCountry "SRI"]

1. e4 c5 2. Nf3 d6 3. c3 Nf6 4. h3 Nbd7 5. Bd3 g6 6. 0-0 Bg7 7. Re1 0-0 8. Bf1 Qc7 9. d4 cxd4 10. cxd4 a6 11. Nc3 e5 12. Be3 b5 13. Rc1 Qd8 14. dxe5 dxe5 15. Qd6 Re8 16. Red1 Bb7 17. a4 Bf8 18. Qd2 b4 19. Na2 Re6 20. Bc4 Rd6 21. Qc2 Nxe4 22. Qb3 Qe7 23. Rxd6 Nxd6 24. Qxb4 Rb8 25. Qd2 Nxc4 26. Rxc4 Qe6 27. Rc7 Bd6 28. Rc1 Nf6 29. Nc3 Bb4 30. Qd1 Ba5 31. Ng5 Qc6 32. Nce4 Rd8 33. Qf1 Qxc1 34. Nxf6+ Kg7 35. Qxc1 Kxf6 36. Nxh7+ Kg7 37. Ng5 Rd6 38. b4 Bxb4 39. Qc4 Bd5 40. Qxb4 Rd7 41. Qb8 Kh6 42. Qh8# 1-0

[Event "SRI-chB (Women)"]
[Site "Mount Lavinia"]
[Date "2022.03.20"]
[Round "9"]
[White "Gamage, Desandhi Dhihansa"]
[Black "Mapa, MMWH"]
[Result "0-1"]
[WhiteElo "1508"]
[BlackElo "1429"]
[PlyCount "130"]
[EventDate "2022.03.16"]
[EventType "swiss"]
[EventRounds "10"]
[EventCountry "SRI"]
[SourceTitle "EXT 2023"]
[Source "ChessBase"]
[SourceDate "2022.10.05"]
[SourceVersion "1"]
[SourceVersionDate "2022.10.05"]
[SourceQuality "1"]

1. e4 c5 2. Nc3 Nc6 3. Bb5 d6 4. Bxc6+ bxc6 5. d3 Qc7 6. f4 e6 7. Nf3 Ne7 8. 0-0 g6 9. Qe1 Bg7 10. Kh1 h5 11. Bd2 Bd7 12. Rb1 a5 13. a4 d5 14. e5 Nf5 15. Nh4 Nxh4 16. Qxh4 Qd8 17. Qe1 h4 18. h3 Qb6 19. b3 Bf8 20. Qe2 Be7 21. Nd1 Bc8 22. Ne3 Kd7 23. Ng4 Qd8 24. Bc3 Bb7 25. Bd2 Kc8 26. Qe1 Kb8 27. Be3 Kc8 28. Bd2 Kb8 29. c3 Kc8 30. Qd1 Ba6 31. Qc2 Rb8 32. b4 c4 33. bxa5 Rxb1 34. Rxb1 Qxa5 35. d4 Kc7 36. Nf2 Ra8 37. Nd1 Bc8 38. Ra1 Rb8 39. Nb2 Qb6 40. Ra2 Ba3 41. Bc1 Qb3 42. Qxb3 Rxb3 43. Kg1 Rxc3 44. Bd2 Bxb2 45. Rxb2 Rd3 46. Ba5+ Kd7 47. Bb6 Rb3 48. Ra2 Rxb6 49. Kf2 c3 50. Ke3 Ba6 51. Ra3 c2 52. Kd2 Rb4 53. Kxc2 Rc4+ 54. Kd2 Rxd4+ 55. Ke3 Rb4 56. Ra2 c5 57. Kf3 c4 58. Ke3 Kc6 59. a5 Rb3+ 60. Kd2 d4 61. Kc2 d3+ 62. Kc1 c3 63. Rf2 Ra3 64. Kb1 d2 65. Rf1 Bd3# 0-1

[Event "SRI-chB (Women)"]
[Site "Mount Lavinia"]
[Date "2022.03.16"]
[Round "2"]
[White "Wickramarathne, PWG Gaveshi"]
[Black "Gamage, Desandhi Dhihansa"]
[Result "0-1"]
[WhiteElo "1240"]
[BlackElo "1508"]
[PlyCount "90"]
[EventDate "2022.03.16"]
[EventType "swiss"]
[EventRounds "10"]
[EventCountry "SRI"]
[SourceTitle "EXT 2023"]
[Source "ChessBase"]
[SourceDate "2022.10.05"]
[SourceVersion "1"]
[SourceVersionDate "2022.10.05"]
[SourceQuality "1"]

1. c4 Nf6 2. Nc3 e6 3. d4 Bb4 4. Nf3 0-0 5. Bf4 b6 6. g3 Bb7 7. Qb3 Be7 8. d5 exd5 9. cxd5 d6 10. e4 Nbd7 11. Be2 Re8 12. Qc2 Bf8 13. Be3 a6 14. Nd4 Nc5 15. f3 Bxd5 16. b4 Ncd7 17. exd5 Rxe3 18. Nc6 Qe8 19. Kf2 g6 20. Qd2 Bh6 21. f4 Rxc3 22. Bf3 Rxf3+ 23. Kxf3 Qe4+ 24. Kf2 Qxh1 25. Rxh1 Ne4+ 26. Ke2 Nxd2 27. Kxd2 Nf6 28. Ne7+ Kf8 29. Re1 Re8 30. Nc6 Rxe1 31. Kxe1 Nxd5 32. a3 Ke8 33. Nb8 a5 34. bxa5 bxa5 35. a4 Nb4 36. Kd2 Kd8 37. Kc3 Kc8 38. Kc4 Kxb8 39. Kb5 Nd5 40. Kxa5 c6 41. Ka6 Bg7 42. h3 Bd4 43. g4 Kc7 44. f5 Bb6 45. a5 Nb4# 0-1

[Event "SRI-ch (Women)"]
[Site "Nugegoda"]
[Date "2021.12.30"]
[Round "13"]
[White "Gamage, Desandhi Dhihansa"]
[Black "Mendis, Dasuni Hansika"]
[Result "1-0"]
[WhiteElo "1314"]
[BlackElo "1664"]
[PlyCount "21"]
[EventDate "2021.12.24"]
[EventType "tourn"]
[EventRounds "13"]
[EventCountry "SRI"]
[SourceTitle "CBM 205 Extra"]
[Source "ChessBase"]
[SourceDate "2022.01.31"]
[SourceVersion "1"]
[SourceVersionDate "2022.01.31"]
[SourceQuality "1"]

1. e4 c6 2. d4 d5 3. e5 c5 4. dxc5 e6 5. a3 Bxc5 6. b4 Bb6 7. Qg4 g6 8. Bb2 Nd7 9. Nf3 Ne7 10. Bd3 Nc6 11. 0-0 1-0

[Event "SRI-ch (Women)"]
[Site "Nugegoda"]
[Date "2021.12.27"]
[Round "7"]
[White "Attanayake, Chanindi Mewna"]
[Black "Gamage, Desandhi Dhihansa"]
[Result "1-0"]
[WhiteElo "1317"]
[BlackElo "1314"]
[PlyCount "57"]
[EventDate "2021.12.24"]
[EventType "tourn"]
[EventRounds "13"]
[EventCountry "SRI"]
[SourceTitle "CBM 205 Extra"]
[Source "ChessBase"]
[SourceDate "2022.01.31"]
[SourceVersion "1"]
[SourceVersionDate "2022.01.31"]
[SourceQuality "1"]

1. e4 c5 2. Nf3 Nf6 3. Nc3 e6 4. e5 Nd5 5. Nxd5 exd5 6. d4 d6 7. exd6 Bxd6 8. dxc5 Bxc5 9. Bb5+ Nc6 10. 0-0 0-0 11. h3 h6 12. Re1 Bxf2+ 13. Kxf2 Qb6+ 14. Be3 Qxb5 15. b3 Be6 16. Nd4 Nxd4 17. Bxd4 Qd7 18. Qh5 Qc7 19. c3 Qf4+ 20. Kg1 Qf5 21. Qh4 Kh7 22. Re5 Qg6 23. Rf1 Rg8 24. Rh5 Bd7 25. Rf3 Qe4 26. Rxh6+ gxh6 27. Rxf7+ Kg6 28. Rf6+ Kg7 29. Qxh6# 1-0

[Event "Asia-ch U20 Girls"]
[Site "Waskaduwa"]
[Date "2021.12.22"]
[Round "8"]
[White "Tharushi, THD Niklesha"]
[Black "Gamage, Desandhi Dhihansa"]
[Result "1-0"]
[WhiteElo "1711"]
[BlackElo "1314"]
[PlyCount "97"]
[EventDate "2021.12.17"]
[EventType "swiss"]
[EventRounds "9"]
[EventCountry "SRI"]
[SourceTitle "CBM 206 Extra"]
[Source "ChessBase"]
[SourceDate "2022.03.31"]
[SourceVersion "1"]
[SourceVersionDate "2022.03.31"]
[SourceQuality "1"]

1. Nf3 Nf6 2. d4 e6 3. g3 g6 4. Bg2 Bg7 5. c4 d5 6. 0-0 0-0 7. cxd5 exd5 8. Nc3 c6 9. Ne1 Nbd7 10. Nd3 Re8 11. f3 Nf8 12. a3 b6 13. e3 Bb7 14. Rb1 N6d7 15. b4 Qc8 16. Qb3 Rb8 17. f4 c5 18. Ne5 c4 19. Qd1 Nf6 20. Nb5 Re7 21. Nxa7 Qe8 22. b5 Ra8 23. Nac6 Rc7 24. Qc2 N6d7 25. Bxd5 Nxe5 26. fxe5 Rac8 27. Qxc4 Ne6 28. Qb3 Nd8 29. Nxd8 Bxd5 30. Qxd5 Rxd8 31. Qb3 Rdc8 32. Bb2 Re7 33. Rbc1 Rb8 34. Rc6 Rbb7 35. Rfc1 Rb8 36. Bc3 Ra7 37. Bb4 Rba8 38. R1c4 Bf8 39. Qc2 Qd7 40. Bxf8 Kxf8 41. a4 Qg4 42. Rf6 Qg5 43. Kf2 Rb8 44. Rc7 Rab7 45. Rfxf7+ Kg8 46. Rg7+ Kh8 47. Rxh7+ Kg8 48. Qc4+ Kf8 49. Qf7# 1-0

[Event "Eastern Asia-ch U16 Girls"]
[Site "Tornelo INT"]
[Date "2021.10.23"]
[Round "6"]
[White "Gamage, Desandhi Dhihansa"]
[Black "Rhythm, Singhal"]
[Result "0-1"]
[WhiteElo "1045"]
[BlackElo "1281"]
[PlyCount "80"]
[EventDate "2021.10.22"]
[EventType "swiss"]
[EventRounds "9"]
[EventCountry "NET"]
[SourceTitle "EXT 2023"]
[Source "ChessBase"]
[SourceDate "2022.10.05"]
[SourceVersion "1"]
[SourceVersionDate "2022.10.05"]
[SourceQuality "1"]

1. e4 d6 2. d4 g6 3. Nc3 c6 4. Be3 Bg7 5. Nf3 Nf6 6. Qd2 0-0 7. Be2 Nbd7 8. h3 e5 9. 0-0 Qe7 10. Rfe1 exd4 11. Bxd4 Nc5 12. Bd3 Ne6 13. Be3 b5 14. e5 dxe5 15. Nxe5 Bb7 16. Qe2 Qc7 17. Ng4 Rfe8 18. Rab1 a6 19. Nxf6+ Bxf6 20. Ne4 Bg7 21. b4 a5 22. a3 a4 23. Qd2 Rad8 24. Nc5 Nxc5 25. Bxc5 Bc8 26. Rxe8+ Rxe8 27. Re1 Be6 28. Qc1 Rd8 29. Qe3 Re8 30. Qf3 Qd7 31. Be4 Bd5 32. Qd1 Be6 33. Qxd7 Bxd7 34. Kf1 f5 35. Rd1 Be6 36. Bxc6 Bc4+ 37. Kg1 Rc8 38. Bd5+ Bxd5 39. Rxd5 Bb2 40. Rd7 Bxa3 0-1